000 00807nam a22002175i 4500
001 68414
003 ES-MaACL
005 20250528063009.0
007 t|
008 960801s1898 sp ||||1| spa d
040 _aCAM
_bspa
_cCAM
100 1 _aGarcía Pérez, Antonio,
_d1874-1950
_955441
245 1 3 _aLa instrucción militar en la escuelas /
_cpor Antonio García Pérez.
260 _aMadrid :
_b[s.n.],
_c1898 (
_fImprenta del Cuerpo de Artillería)
300 _a8 p. ;
_c22 cm.
490 1 _aPublicaciones de los "Estudios militares"
650 0 4 _aEnseñanza militar.
_912302
830 0 _aPublicaciones de los "Estudios militares"
_9183233
852 _aES-MaACL
_jT-848-F-7
_z.- Enc. en un vol. facticio conservando la enc. original
_z.- Ded. ms. del autor
999 _c68414
_d68414